000 00331nam a22001337a 4500
008 250507b |||||||| |||| 00| 0 eng d
020 _a978691145440
050 _aJC571
_b.W35
100 _aWeltz Eric D.
245 _aA World Divided
260 _aNew Jersey
_bPrinceton University Press
_c2019
300 _axx, 550P.
942 _cBK
999 _c3338
_d3338